00300nam a2200097Ia 45000010005000000080041000050820012000461000027000582450102000852600015001872144241024s9999 xx 000 0 und d aT/EDU/4 aPeralta G. Blanca Iris 0aEvaluación de los programas de asignaturas de la carrera de Licenciatura en Educación Inicial bUASDc2003